00747nam a2200253Ia 4500003000900000008004100009040001300050040001300063041000800076100001500084245002200099250000900121260002100130260000900151300001100160300000700171300001000178490001600188490000600204600006100210942000700271999001700278952019800295IT-RoPAU120407s9999 xx 000 0 und d aIT-RoPAU cIT-RoPAU aita aJohn Bligh aI tempi di Cristo aRoma aEdizioni Paoline c1970 a159 p. bsi c18 cm aUniversa,47 v1 aInformazioni storiche per lo studio del Nuovo Testamento cBK c26510d26510 00102ddc406040_74700000000000071aPAULUSbPAULUSd2012-04-11l0o040.747r2012-04-11 00:00:00w2012-04-11yBKzInserito da: Carla In data: 24 ottobre 2011 fondo: Via A.Severo 56 Progr:11552